En busca del tiempo perdido, 2 (Registro nro. 737)
[ vista simple ]
| 000 -CABECERA | |
|---|---|
| Longitud fija campo de control | 01024nam a2200301Ia 4500 |
| 005 - • FECHA Y HORA DE LA ÚLTIMA TRANSACCIÓN | |
| Fecha y hora de la última transacción | 20260218221716.0 |
| 008 - • CÓDIGOS DE INFORMACIÓN DE LONGITUD FIJA | |
| Códigos de información de longitud fija | 121119s2002 sp gr 000 f spa |
| 020 ## - • NÚMERO INTERNACIONAL NORMALIZADO PARA LIBROS | |
| Número Internacional Normalizado para Libros (ISBN) | 842063364X |
| 020 ## - • NÚMERO INTERNACIONAL NORMALIZADO PARA LIBROS | |
| Número Internacional Normalizado para Libros (ISBN) | 9788420633640 |
| 040 ## - FUENTE DE LA CATALOGACIÓN | |
| Centro catalogador de origen | CO-BoRNBP |
| Lengua de catalogación | spa |
| Normas de descripción | rda |
| Centro transcriptor | CO-BoRNBP |
| 041 1# - • CÓDIGO DE LENGUA | |
| Código de lengua del texto/banda sonora o título independiente | spa |
| 084 ## - • Clasificación Local Alfanúmerica PNLB | |
| Número de clasificación | N PRO1 |
| 100 1# - • PUNTO DE ACCESO PRINCIPAL-NOMBRE DE PERSONA | |
| Nombre de persona | Proust, Marcel |
| Fechas asociadas al nombre | 1871-1922 |
| 245 10 - • TITULO PROPIAMENTE DICHO | |
| Título | En busca del tiempo perdido, 2 |
| Resto del título | a la sombra de las muchachas en flor |
| Mención de responsabilidad, etc. | Marcel Proust ; traductor, Pedro Salinas |
| 250 ## - • MENCIÓN DE EDICIÓN | |
| Mención de edición | Cuarta reimpresiòn |
| 264 ## - PRODUCCIÓN, PUBLICACIÓN , DISTRIBUCIÓN, FABRICACIÓN Y COPYRIGHT | |
| Lugar de producción, publicación, distribución, fabricación | Madrid |
| Nombre del productor, editor, distribuidor, fabricante | Alianza |
| Fecha de de producción, publicación, distribución, fabricación o copyright | 2002 |
| 300 ## - • DESCRIPCIÓN FÍSICA | |
| Extensión | 644 pàginas |
| Dimensiones | 18 cm |
| 336 ## - TIPO DE CONTENIDO | |
| Término de tipo de contenido | texto |
| Código de tipo de contenido | txt |
| Fuente | rdacontent |
| 337 ## - TIPO DE MEDIO | |
| Nombre del tipo de medio | sin mediación |
| Código del tipo de medio | n |
| Fuente | rdamedia |
| 338 ## - TIPO DE SOPORTE | |
| Nombre del tipo de soporte | volumen |
| Código del tipo de soporte | nc |
| Fuente | rdacarrier |
| 490 0# - • MENCIÓN DE SERIE | |
| Mención de serie | El libro de bolsillo : biblioteca de autor |
| 650 14 - • PUNTO DE ACCESO ADICIONAL DE MATERIA - TÉRMINO DE MATERIA | |
| Término de materia o nombre geográfico como elemento inicial | Novela francesa |
| Subdivisión cronológica | Siglo XX |
| Fuente del encabezamiento o término | LEMB |
| 650 14 - • PUNTO DE ACCESO ADICIONAL DE MATERIA - TÉRMINO DE MATERIA | |
| Término de materia o nombre geográfico como elemento inicial | Literatura francesa |
| Subdivisión cronológica | Siglo XX |
| Fuente del encabezamiento o término | LEMB |
| 651 #4 - • PUNTO DE ACCESO ADICIONAL DE MATERIA - NOMBRE GEOGRÁFICO | |
| Nombre geográfico | Francia |
| Subdivisión de materia general | Vida social y costumbres |
| Subdivisión de forma | Novela |
| 700 1# - • PUNTO DE ACCESO ADICIONAL - NOMBRE DE PERSONA | |
| Nombre de persona | Salinas, Pedro |
| Fechas asociadas al nombre | 1891-1951 |
| Término indicativo de función | traductor |
| 942 ## - ENTRADA DE ELEMENTOS AGREGADOS (KOHA) | |
| Fuente de clasificaión o esquema | |
| Koha [por defecto] tipo de item | Libro Literatura |
| Perdido | Fuente de clasificación o esquema | Estado Físico | No para préstamo | Localización permanente | Localización actual | Localización en estanterías | Fecha adquisición | Préstamos totales | Signatura completa | Código de barras | Fecha última consulta | Número de copia | Fecha del precio de reemplazo | Tipo de item de Koha | Forma de adquisición | Número de registro |
|---|---|---|---|---|---|---|---|---|---|---|---|---|---|---|---|---|
| Dewey Decimal Classification | Biblioteca Pública Cubarral | Biblioteca Pública Cubarral | Literatura | 08/01/2023 | N PRO1 | CUB01469 | 08/01/2023 | Ej.1 | 08/01/2023 | Libro Literatura | Colección General | |||||
| Dewey Decimal Classification | Biblioteca Pública Dorado | Biblioteca Pública Dorado | Literatura | 02/20/2023 | NPRO1 | DOR01757 | 02/20/2023 | Ej.1 | 02/20/2023 | Libro Literatura | Colección General | |||||
| Dewey Decimal Classification | Biblioteca Pública Fuentedeoro - Henry Llanos García | Biblioteca Pública Fuentedeoro - Henry Llanos García | Literatura | 07/13/2023 | N PRO1 | Fo00001393 | 07/13/2023 | Ej.1 | 07/13/2023 | Libro Literatura | Colección General | |||||
| Dewey Decimal Classification | Biblioteca Pública José Eustasio Rivera - San Martin | Biblioteca Pública José Eustasio Rivera - San Martin | Literatura | 05/30/2023 | N PRO1 | SM00370 | 05/30/2023 | Ej.1 | 05/30/2023 | Libro Literatura | Colección General | |||||
| Dewey Decimal Classification | Biblioteca Pública Puerto Lleras | Biblioteca Pública Puerto Lleras | Literatura | 02/24/2025 | N PRO1 | PLL02068 | 02/24/2025 | Ej.1 | 02/24/2025 | Libro Literatura | Colección General | |||||
| Dewey Decimal Classification | Biblioteca Pública El Castillo - Alfonso Meneses | Biblioteca Pública El Castillo - Alfonso Meneses | Literatura | 07/12/2023 | N PRO1 | EC02153 | 07/12/2023 | Ej.1 | 07/12/2023 | Libro Literatura | Colección General | |||||
| Dewey Decimal Classification | Biblioteca Pública Barranca de Upia - María Dolores Herrera | Biblioteca Pública Barranca de Upia - María Dolores Herrera | Literatura | 09/13/2023 | N PRO1 | BUP00331 | 09/13/2023 | Ej.1 | 09/13/2023 | Libro Literatura | Colección General | |||||
| Dewey Decimal Classification | Biblioteca Pública Cabuyaro | Biblioteca Pública Cabuyaro | Literatura | 06/29/2023 | NPRO1 | CAB000432 | 06/29/2023 | Ej.1 | 06/29/2023 | Libro Literatura | Colección General | |||||
| Dewey Decimal Classification | Biblioteca Pública Guamal | Biblioteca Pública Guamal | Libro de Carrito | 02/01/2023 | NPRO1 | GUA000409 | 02/01/2023 | Ej.1 | 02/01/2023 | Libro Literatura | Colección General | |||||
| Dewey Decimal Classification | Biblioteca Pública Mapiripan | Biblioteca Pública Mapiripan | Literatura | 01/15/2024 | N PRO1 | MAP00001950 | 01/15/2024 | Ej.1 | 01/15/2024 | Libro Literatura | Sala General | |||||
| Dewey Decimal Classification | Biblioteca Pública Mesetas - Franco lodo Poloxi | Biblioteca Pública Mesetas - Franco lodo Poloxi | Literatura | 10/18/2024 | N PRO1 | ME000455 | 10/18/2024 | Ej.1 | 10/18/2024 | Libro Literatura | 842063364 | |||||
| Dewey Decimal Classification | Biblioteca Pública Puerto Rico | Biblioteca Pública Puerto Rico | Literatura | 12/15/2022 | NPRO1Ej.1 | PR000000L213 | 12/15/2022 | Ej.1 | 12/15/2022 | Libro Literatura | ||||||
| Clasificación Local Facetada | Biblioteca Pública San Juanito - Ernesto Maria Peña Romero | Biblioteca Pública San Juanito - Ernesto Maria Peña Romero | Literatura | 02/18/2026 | N PRO1 | SJU02660 | 02/18/2026 | Ej.1 | 02/18/2026 | Libro Literatura | Literatura General | |||||
| Dewey Decimal Classification | Biblioteca Pública Uribe - Reinerio Arenas | Biblioteca Pública Uribe - Reinerio Arenas | Literatura | 10/17/2024 | N PRO1 | URI01771 | 10/17/2024 | Ej.1 | 10/17/2024 | Libro Literatura | Colección General |